| 000 | 01137cam a2200133 4500500 | ||
|---|---|---|---|
| 005 | 20260405085528.0 | ||
| 041 | _afre | ||
| 042 | _adc | ||
| 100 | 1 | 0 |
_aMartin, Jean-Clément _eauthor |
| 245 | 0 | 0 | _aLa révolte inachevée des femmes : France (1771-1820) |
| 260 |
_bArmand Colin,
_c2025. |
||
| 520 | _aUn livre alerte et dérangeant. Les femmes ont tenté de s’imposer face au sexe masculin profitant des bouleversements révolutionnaires. Ce qui incite à une lecture originale et inédite de la Révolution française. Car, en effet, les femmes s’affirment partout sur le devant de la scène, occupant l’espace politique, participant aux journées révolutionnaires puis aux luttes armées ainsi qu’aux débats idéologiques. Pour autant cette tentative de prise de parole n’est pas suivie de la reconnaissance des droits politiques. C’est donc une révolte brisée mais elle laissera néanmoins des traces indélébiles qui viendront nourrir la volonté d’émancipation du deuxième sexe. | ||
| 856 | 4 | 1 | _uhttps://shs.cairn.info/la-revolte-inachevee-des-femmes--9782200639570?lang=fr&redirect-ssocas=7080 |
| 999 |
_c2198322 _d2198322 |
||